000 00810nam a2200205Ii 4500
003 JO-AjNU
008 230605s9999||||xx |||||||||||||| ||und||
040 _aJO-AjNU
_bara
_erda
_cJO-AjNU
041 _aara
050 1 4 _aHF 5548 .8 .Z5 1980
100 3 _aتأليف: هاشم، زكي محمود,
_eauthor
_916113
245 0 0 _aالجوانب السلوكية في الادارة
250 _aط3
264 3 1 _aالكويت: وكالة المطبوعات،1980
300 _a327ص
_bيحتوي على ببلوغرافية من 317-327ص
336 _atext
_btxt
_2rdacontent
337 _aunmediated
_bn
_2rdamedia
338 _avolume
_bnc
_2rdacarrier
650 4 _aالسلوك الاداري - العلاقات الانسانية- القيادة الادارية - علم النفس الاداري
_916114
999 _aA4703
_c8271
_d8271